| 000 | 00868pam a2200277 a 4500 | ||
|---|---|---|---|
| 999 |
_c233393 _d233393 |
||
| 001 | 1051598 | ||
| 003 | Nust | ||
| 005 | 20170307124522.0 | ||
| 008 | 900105s1991 paua b 001 0 eng c | ||
| 010 | _a 90005415 | ||
| 020 | _a978-0-07-128735-7 | ||
| 040 | _cASAB | ||
| 050 | 0 | 0 |
_aQR46 _b.V64 1991 |
| 060 | _aQW 4 E78 | ||
| 082 | 0 | 0 |
_a616/.01 _220 |
| 245 | 0 | 0 |
_aJawetz, Melnick & Adelberg's medical microbiology / _cGeo. F. Brooks... [et al.]. |
| 246 | _amedical microbiology | ||
| 250 |
_a24th ed. _bInternational edition |
||
| 260 |
_aNew York : _bMc Graw Hill Publishers, _cc2007. |
||
| 300 |
_avii, 818 p. : _bill. ; _c26 cm. |
||
| 504 | _aIncludes bibliographical references. | ||
| 650 | 0 | _aMedical microbiology. | |
| 650 | 2 | _aMicrobiology. | |
| 700 | 1 | _aVolk, Wesley A. | |
| 906 |
_a7 _bcbc _corignew _d1 _eocip _f19 _gy-gencatlg |
||
| 942 |
_2ddc _cBK |
||